[Event "Challenge"]
[Site "http://www.queenalice.com/game.php?id=1870166"]
[Date "2026.3.7"]
[Round "-"]
[White "PaulMSains"]
[Black "simonjscott"]
[Result "1-0"]
[WhiteElo "2011"]
[BlackElo "2209"]

1. d4 d5 2. Bf4 Nf6 3. Nf3 c5 4. e3 e6 5. Bb5+ Bd7 6. Bxd7+ Nbxd7 7. O-O Be7 8.
Nc3 O-O 9. Ne5 Rc8 10. h3 h6 11. Ng4 Nxg4 12. Qxg4 Nf6 13. Qf3 cxd4 14. exd4 Qb6
15. Qe3 Qxb2 16. Ne2 Qxc2 17. Rfc1 Qe4 18. Qd2 a6 19. f3 Qg6 20. Rd1 Rc4 21. Be5
Rfc8 22. Nf4 Qc2 23. Qe1 Bb4 24. Qg3 Qf5 25. Qf2 Rc2 26. Qf1 Bd2 27. g4 Qg5 28.
Ng2 Be3+ 29. Kh1 Rf2 30. Qe1 Rxg2 31. Kxg2 Rc2+ 32. Kh1 Nd7 33. Bg3 Bd2 34. Qf1
Qe3 35. Rab1 b5 36. Qg1 Qxf3+ 37. Qg2 Qxg2+ 38. Kxg2 Nf6 39. Kh1 Ne4 40. Be1 Bf4
41. h4 Rh2+ 42. Kg1 Rxa2 43. Ra1 Rxa1 44. Rxa1 Be3+ 45. Kf1 Bxd4 46. Rxa6 Nf6
47. g5 hxg5 48. hxg5 Ne4 49. Bh4 g6 50. Ra8+ Kg7 51. Rb8 Be3 52. Rxb5 Nxg5 53.
Ke2 Bc1 54. Rc5 Ba3 55. Ra5 Be7 56. Bg3 Bf6 57. Kd3 Ne4 58. Be1 g5 59. Ra2 Kg6
60. Rg2 Kf5 61. Ke3 g4 62. Rg1 d4+ 63. Kd3 e5 64. Rf1+ 1-0

[Event "Challenge"]
[Site "http://www.queenalice.com/game.php?id=1870344"]
[Date "2026.3.11"]
[Round "-"]
[White "simonjscott"]
[Black "PaulMSains"]
[Result "1/2-1/2"]
[WhiteElo "2191"]
[BlackElo "2035"]

1. d4 d5 2. c4 Bf5 3. Nf3 Bxb1 4. Rxb1 dxc4 5. e4 e6 6. Bxc4 Bb4+ 7. Bd2 Bxd2+
8. Qxd2 Nf6 9. Bd3 O-O 10. O-O Nc6 11. Bc2 Ne7 12. Qd3 Ng6 13. h3 Nf4 14. Qe3
Ng6 15. Rbc1 Re8 16. Rfd1 c6 17. a3 h6 18. Qb3 Nf4 19. Kf1 Qb6 20. Qxb6 axb6 21.
Ne5 Rad8 22. f3 Nd7 23. Nc4 Re7 24. Kf2 g5 25. Bb1 b5 26. Nd6 Nb6 27. e5 Nc8 28.
Ne4 Kg7 29. Nf6 Nb6 30. b3 Nbd5 31. Ne4 f6 32. Rh1 f5 33. Nd6 Ra8 34. Bxf5 Rxa3
35. Bc2 Nb4 36. Rhd1 Nxc2 37. Rxc2 Rxb3 38. Ra2 b6 39. Nc8 Rb7 40. Nd6 Rd7 41.
Nc8 Rb7 42. Nd6 Rd7 1/2-1/2

[Event "Challenge"]
[Site "http://www.queenalice.com/game.php?id=1870756"]
[Date "2026.3.20"]
[Round "-"]
[White "simonjscott"]
[Black "PaulMSains"]
[Result "1-0"]
[WhiteElo "2186"]
[BlackElo "2041"]

1. d4 d5 2. c4 e6 3. Nc3 Bb4 4. Nf3 Bxc3+ 5. bxc3 Nf6 6. e3 O-O 7. Bd3 Ne4 8.
Qc2 f5 9. O-O b6 10. Ba3 Rf6 11. Ne5 Bb7 12. f3 Nd6 13. c5 Nf7 14. Nxf7 Rxf7 15.
Qf2 Nc6 16. Qg3 Qf6 17. e4 f4 18. Qg4 e5 19. exd5 Bc8 20. Qh5 Ne7 21. dxe5 Qh6
22. Qxh6 gxh6 23. e6 Rg7 24. c4 Bb7 25. c6 Ba6 26. Rfe1 Re8 27. Re5 Bc8 28. Rh5
1-0